Southville International School and Colleges
Your cart is empty.
  • Cart
  • Lists
    Public lists Eva Luna New books Lux_list list_1
    Your lists Log in to create your own lists
  • Log in to your account
  • Your cookies
  • Search history
Southville International School and Colleges
  • Advanced search
  • Recent comments
  • Most popular
  • Libraries

Log in to your account

Log in with GOOGLE


If you do not have an external account, but do have a local account, you can still log in:

  1. Home
  2. MARC view: 101 stories on the Philippine revolution /
Normal view MARC view ISBD view

101 stories on the Philippine revolution / (Record no. 292105)

[ view plain ]
MARC details
000 -LEADER
fixed length control field 00784nam a2200265Ia 4500
008 - FIXED-LENGTH DATA ELEMENTS--GENERAL INFORMATION
fixed length control field 160319s9999 xx 000 0 und d
020 ## - INTERNATIONAL STANDARD BOOK NUMBER
International Standard Book Number 9712721342 (pbk.)
050 ## - LIBRARY OF CONGRESS CALL NUMBER
Classification number 303.6
050 ## - LIBRARY OF CONGRESS CALL NUMBER
Item number O15o 2009
100 ## - MAIN ENTRY--PERSONAL NAME
Personal name Ocampo, Ambeth R.
245 ## - TITLE STATEMENT
Title 101 stories on the Philippine revolution /
245 ## - TITLE STATEMENT
Statement of responsibility, etc y Ambeth R. Ocampo.
260 ## - PUBLICATION, DISTRIBUTION, ETC. (IMPRINT)
Place of publication, distribution, etc Pasig City :
260 ## - PUBLICATION, DISTRIBUTION, ETC. (IMPRINT)
Name of publisher, distributor, etc Anvil Pub. Inc
260 ## - PUBLICATION, DISTRIBUTION, ETC. (IMPRINT)
Date of publication, distribution, etc 2009
300 ## - PHYSICAL DESCRIPTION
Extent xviii, 312 pages :
300 ## - PHYSICAL DESCRIPTION
Other physical details illustrations ;
300 ## - PHYSICAL DESCRIPTION
Dimensions 23 cm.
650 ## - SUBJECT ADDED ENTRY--TOPICAL TERM
Topical term or geographic name as entry element Philippines --
650 ## - SUBJECT ADDED ENTRY--TOPICAL TERM
Topical term or geographic name as entry element Philippines -- Civilization.
650 ## - SUBJECT ADDED ENTRY--TOPICAL TERM
Topical term or geographic name as entry element Philippines -- Politics and government.
650 ## - SUBJECT ADDED ENTRY--TOPICAL TERM
Topical term or geographic name as entry element Revolutionaries -- Philippines.
650 ## - SUBJECT ADDED ENTRY--TOPICAL TERM
Topical term or geographic name as entry element Revolutionary literature, Philippine (English)
650 ## - SUBJECT ADDED ENTRY--TOPICAL TERM
General subdivision History -- Revolution 1898-
Holdings
Withdrawn status Lost status Damaged status Home library Current library Shelving location Date acquired Total Checkouts Full call number Barcode Date last seen Price effective from Koha item type
      Stonyhurst Southville International School (Batangas) Stonyhurst Southville International School (Batangas) Filipiniana Section 03/19/2016   Fil 303.6 O15o 2009 US 1146 03/19/2016 03/19/2016 Books

101 stories on the Philippine revolution /

APA

Ocampo A. R., .101 stories on the Philippine revolution. Pasig City: .

Chicago

Ocampo Ambeth R, .101 stories on the Philippine revolution. Pasig City: .

Harvard

Ocampo A. R., .101 stories on the Philippine revolution. Pasig City: .

MLA

Ocampo Ambeth R, .Pasig City: . .

  • Place hold
  • Print
  • Cite
  • Add to your cart (remove)
  • Save record
    BIBTEX Dublin Core MARCXML MARC (non-Unicode/MARC-8) MARC (Unicode/UTF-8) MARC (Unicode/UTF-8, Standard) MODS (XML) RIS
  • More searches
    Search for this title in:
    Other Libraries (WorldCat) Other Databases (Google Scholar) Online Stores (Bookfinder.com) Open Library (openlibrary.org)

Exporting to Dublin Core...

SOUTHVILLE LIBRARY

Southville International School and Colleges Library

1281 Tropical Ave. Cor. Luxembourg St., BF Homes International, Las Pinas City

Tel. No. 8256374 / 252358 Loc. 117/146

Powered by Koha